Music Quiz

Random Music or Album Quiz

Complete Works of Rap Quiz Stats

Quiz Updated Jun 16, 2016

Challenge
Share
Tweet
Embed
Score 0/67 Timer 10:00
1 Play Today
Artist Album % Correct
Jay ZThe Blueprint
74.2%
EminemThe Marshall Mathers LP
73.5%
Lil WayneTha Carter
72.7%
Lil WayneTha Carter II
70.2%
Lil WayneTha Carter III
69.9%
Kanye WestThe Life of Pablo
69.4%
Kanye WestGraduation
67.1%
EminemThe Slim Shady LP
66.9%
Kanye WestThe College Dropout
66.4%
Jay ZThe Blueprint 2: The Gift and the Curse
65.7%
EminemRelapse
64.9%
Jay ZThe Blueprint 3
61.8%
Kanye WestYeezus
61.4%
EminemRecovery
60.2%
NasIllmatic
59%
EminemThe Eminem Show
57.5%
Jay ZThe Black Album
57.4%
Kanye WestLate Registration
54.8%
EminemEncore
54.6%
The Notorious B.I.G.Ready To Die
54.3%
Kanye West808s & Heartbreak
53.2%
Lil WayneTha Carter IV
52.6%
EminemThe Marshall Mathers LP 2
50.2%
Kanye WestMy Beautiful Dark Twisted Fantasy
48.3%
The Notorious B.I.G.Life After Death
47.6%
NasStillmatic
44.5%
OutkastSpeakerboxxxThe Love Below
43.3%
Jay ZReasonable Doubt
43.1%
2PacAll Eyez On Me
41.8%
NasI Am...
41.5%
Jay ZMagna Carta Holy Grail
41.1%
OutkastStankonia
37.9%
Jay ZVol 2... Hard Knock Life
36.1%
Jay ZAmerican Gangster
32.3%
Artist Album % Correct
EminemInfinite
32%
Lil WayneI Am Not A Human Being
30.4%
OutkastATLiens
30.3%
Jay ZKingdom Come
29.5%
Jay ZIn My Lifetime, Vol. 1
28.4%
Jay ZVol 3... Life and Times of Sean Carter
27.6%
NasIt Was Written
27.2%
NasHip Hop Is Dead
27.2%
OutkastAquemini
27.2%
NasUntitled
27%
Lil WayneRebirth
27%
NasGod's Son
25.4%
NasLife Is Good
23.1%
NasNastradamus
22.7%
Lil WayneTha Block Is Hot
21.8%
2Pac2Pacalypse Now
21.3%
2PacMe Against The World
21.3%
Jay ZThe Dynasty: Roc La Familia
20.2%
OutkastIdlewild
20.2%
The Notorious B.I.G.Duets: The Final Chapter
19.6%
The Notorious B.I.G.Born Again
18.8%
2PacThe Don Killuminati: The Seven Day Theory
18.4%
OutkastSouthernplayalisticadillacmuzik
18.1%
2PacStrictly 4 My N.I.G.G.A.Z.
18.1%
Lil Wayne500 Degreez
15.1%
NasStreet's Disciple
13.2%
Lil WayneI Am Not a Human Being II
11.1%
2PacBetter Dayz
9.6%
2PacR U Still Down? (Remember Me)
9.5%
2PacPac's Life
9.4%
2PacLoyal To The Game
9.3%
2PacUntil The End Of Time
8.4%
Lil WayneLights Out
6.4%

You're not logged in!

Compare scores with friends on all Sporcle quizzes.
Sign Up with Email
OR
Log In

You Might Also Like...

Show Comments

Extras

Top Quizzes Today


Score Distribution

Your Account Isn't Verified!

In order to create a playlist on Sporcle, you need to verify the email address you used during registration. Go to your Sporcle Settings to finish the process.